000 00904nam a22003017a 4500
001 0021942
003 KOHA_MİRAKIL
005 20260207002331.0
007 ta
008 140923b2008 tu |||gr||||#||||0|tur |
020 _a9789756478424
_c0,01
040 _aTR-BiSEU
_btur
_cTR-BiSEU
_erda
041 0 _atur
044 _ctu
050 _aQD251
_b.A48 2008
100 1 _aAltural, Behzat.
245 1 _aOrganik kimya/
_cBehzat Altural ; Behzat Altural.
264 1 _aKayseri :
_bErciyes Üniversitesi
_c2008
300 _axxvii, 473 sayfa; 24 cm.
336 _ametin
_btxt
_2rdacontent
337 _aaracısız
_bn
_2rdamedia
338 _acilt
_bnc
_2rdacarrier
490 1 _aErciyes Üniversitesi yayınları no ;
_v159.
500 _aKaynakça ve dizin var.
650 0 _aChemistry, Organic.
_91515
830 1 _aErciyes Üniversitesi yayınları no ;
_v159.
_933495
942 _2lcc
_cBK
999 _c21898
_d21898